000 01256nam a2200241Ia 4500
003 Ost
005 20260507075003.0
008 260507s9999||||xx |||||||||||||| ||und||
020 _a9789957242886
040 _cfsecg
041 _aara
082 _a338.09
100 _aالكناني، كامل كاظم بشير
_eمؤلف
245 0 _aالموقع الصناعي وسياسات التنمية المكانية /
_c كامل كاظم بشير الكناني
260 _aعمان:
_bدار صفاء للنشر والتوزيع,
_c2008
300 _a416 صفحة؛
_bإيضاحات ؛
_c24 سم
504 _aبيبليوغرافيا: ص.409-416
520 _aيحتوي الكتاب على المحاور التالية: توطن الصناعة، العلاقات الوظيفية و البنية المكانية في إطار تدخل الدولة،البيئة الملائمة للإستثمار الصناعي، البيئة و متطلبات التنمية الصناعية،الموقع الصناعي و التقانة الحديثة في إطار سياسات حماية البيئة.
653 _aالتنمية الصناعية
653 _aالصناعة- اقتصاديات
653 _aصناعات
942 _cكتاب
999 _c42094
_d42094